[Event "Guernsey Open"]
[Site "Guernsey"]
[Date "2009.10.23"]
[Round "6"]
[White "Spanton, Timothy"]
[Black "Reijneveld, Ad"]
[Result "1-0"]
[WhiteElo "2009"]
[BlackElo "2185"]
[PlyCount "85"]
[EventDate "2009.10.18"]

1. e4 c5 2. Nc3 Nc6 3. g3 g6 4. Bg2 Bg7 5. d3 e6 6. Be3 d6 7. Qd2 Rb8 8. Nge2
Nd4 9. O-O Ne7 10. Nd1 O-O 11. c3 Nxe2+ 12. Qxe2 b5 13. d4 cxd4 14. cxd4 d5 15.
e5 Qb6 16. Nc3 Bd7 17. Qd2 b4 18. Ne2 Bb5 19. Rfc1 Nc6 20. Nf4 Rfc8 21. Bf1 Bf8
22. Bxb5 Qxb5 23. Qd1 a5 24. Qg4 Nd8 25. Nh5 Be7 26. Nf6+ Bxf6 27. exf6 Nb7 28.
Bf4 Ra8 29. Qg5 Qe8 30. h4 Rxc1+ 31. Rxc1 Rc8 32. Rxc8 Qxc8 33. h5 Qe8 34. hxg6
fxg6 35. Qe5 Qc8 36. Bh6 Kf7 37. Bg7 Qd8 38. Qf4 Nd6 39. Qh6 Kg8 40. Qg5 Qc8
41. Qe5 Nf7 42. Qe2 Qc4 43. Qxe6 1-0

[Event "Guernsey Open"]
[Site "Guernsey"]
[Date "2009.10.23"]
[Round "6"]
[White "Downey, Keith"]
[Black "Taylor, Mark V"]
[Result "1/2-1/2"]
[WhiteElo "1931"]
[BlackElo "2141"]
[PlyCount "63"]
[EventDate "2009.10.18"]

1. Nf3 c5 2. c4 g6 3. g3 Bg7 4. Bg2 Nc6 5. Nc3 d6 6. d3 e5 7. Rb1 Nge7 8. O-O
O-O 9. a3 a5 10. Bd2 h6 11. Ne1 Rb8 12. Nc2 Be6 13. Ne3 Kh7 14. Ned5 f5 15. b4
axb4 16. axb4 cxb4 17. Nxb4 Nxb4 18. Rxb4 Nc6 19. Rb1 f4 20. Nd5 Nd4 21. Bc3
Nf5 22. Qd2 h5 23. Ba5 Qg5 24. Bc7 Rbe8 25. Rb6 h4 26. Bxd6 Nxd6 27. Rxd6 hxg3
28. hxg3 Bxd5 29. Rxd5 Bh6 30. Rd7+ Re7 31. Rd6 Qh5 32. Bf3 1/2-1/2

[Event "Guernsey Open"]
[Site "Guernsey"]
[Date "2009.10.23"]
[Round "6"]
[White "Hoare, Amy"]
[Black "Heppell, Ian N"]
[Result "0-1"]
[WhiteElo "1797"]
[BlackElo "2135"]
[PlyCount "90"]
[EventDate "2009.10.18"]

1. e4 e5 2. Bc4 Nf6 3. d3 Nc6 4. Nc3 Bb4 5. Nge2 d5 6. exd5 Nxd5 7. Bd2 Be6 8.
Nxd5 Bxd5 9. Bxd5 Qxd5 10. O-O O-O 11. Nc3 Qd7 12. a3 Be7 13. Re1 Rad8 14. Be3
f5 15. f4 exf4 16. Bxf4 g5 17. Be3 f4 18. Bf2 f3 19. gxf3 Bd6 20. Ne4 Ne5 21.
Re3 Qh3 22. Nxg5 Qf5 23. h4 h6 24. Ne6 Qxe6 25. d4 Qg6+ 26. Kf1 Nd7 27. Re4 Nf6
28. Re6 Rde8 29. d5 Qf5 30. Qd3 Qxd3+ 31. cxd3 Nxd5 32. Rae1 Rxe6 33. Rxe6 Rxf3
34. Ke2 Nf4+ 35. Kxf3 Nxe6 36. Be3 Kg7 37. d4 h5 38. b4 Kf6 39. d5 Ng7 40. Ke4
Nf5 41. Bg5+ Kg6 42. Kd3 Bg3 43. Bd8 Nxh4 44. Ke4 Nf5 45. a4 h4 0-1

[Event "Guernsey Open"]
[Site "Guernsey"]
[Date "2009.10.23"]
[Round "6"]
[White "Gravett, Alan D"]
[Black "Van Veenendaal, Elmer"]
[Result "0-1"]
[WhiteElo "1909"]
[BlackElo "2120"]
[PlyCount "58"]
[EventDate "2009.10.18"]

1. g3 e5 2. Bg2 Nf6 3. Nf3 Nc6 4. d3 Bc5 5. O-O d6 6. c3 O-O 7. b4 Bb6 8. a4 a6
9. Nbd2 h6 10. Nc4 Ba7 11. b5 Nb8 12. Ba3 Re8 13. Qb1 Nd5 14. e4 Nxc3 15. Qc2
axb5 16. Qxc3 bxc4 17. Qxc4 Nc6 18. Bb2 Be6 19. Qc2 Qd7 20. a5 Bg4 21. Rae1 Bc5
22. Kh1 Rxa5 23. Rb1 Rea8 24. Qb3 R8a7 25. Nd2 Bd4 26. Nc4 Ra4 27. f4 Bxb2 28.
Qxb2 Ra2 29. Qc1 Be2 0-1

[Event "Guernsey Open"]
[Site "Guernsey"]
[Date "2009.10.23"]
[Round "6"]
[White "Goessling, Guido"]
[Black "Von Saldern, Ruediger"]
[Result "1/2-1/2"]
[WhiteElo "2277"]
[BlackElo "2040"]
[PlyCount "72"]
[EventDate "2009.10.18"]

1. e4 e5 2. f4 exf4 3. Nf3 Ne7 4. Bc4 d5 5. exd5 Nxd5 6. O-O Be6 7. Bb3 Bd6 8.
c4 Nb6 9. d4 Nxc4 10. Qe2 Ne3 11. Bxe3 fxe3 12. Bxe6 fxe6 13. Ne5 Bxe5 14. Qh5+
g6 15. Qxe5 Kd7 16. Rf7+ Kc8 17. Nc3 Re8 18. Nb5 Nd7 19. Qg3 a6 20. Nd6+ cxd6
21. Rc1+ Kb8 22. Qxd6+ Ka7 23. Rxd7 Qb6 24. Rxb7+ Qxb7 25. Rc7 Rab8 26. Kf1
Rf8+ 27. Ke1 Rfc8 28. Rxb7+ Rxb7 29. Qxe6 Rc1+ 30. Ke2 Rxb2+ 31. Kf3 e2 32.
Qe7+ Ka8 33. Qe4+ Ka7 34. Qe7+ Kb6 35. Qd8+ Kb7 36. Qd5+ Kb6 1/2-1/2

[Event "Guernsey Open"]
[Site "Guernsey"]
[Date "2009.10.23"]
[Round "6"]
[White "Gant, Christopher"]
[Black "Pickersgill, Adrian"]
[Result "1-0"]
[WhiteElo "2235"]
[BlackElo "2024"]
[PlyCount "137"]
[EventDate "2009.10.18"]

1. d4 d5 2. Nf3 Nc6 3. g3 Bg4 4. Bg2 e6 5. O-O Nf6 6. Nbd2 Be7 7. b3 h6 8. Bb2
O-O 9. h3 Bf5 10. c4 Re8 11. e3 Rc8 12. a3 Ne4 13. Rc1 Bg6 14. Qe2 a5 15. Rfd1
Bf6 16. Ne5 Bxe5 17. dxe5 Qg5 18. Nf3 Qd8 19. cxd5 exd5 20. Qb5 Ne7 21. Qxa5 c6
22. Qxd8 Rcxd8 23. Nd2 Nxd2 24. Rxd2 Ra8 25. g4 h5 26. f4 hxg4 27. hxg4 Be4 28.
Bxe4 dxe4 29. Rd4 Nd5 30. Kf2 Re7 31. g5 Rd8 32. Rxe4 f6 33. gxf6 Nxf6 34. Rd4
Rxd4 35. exd4 Nd5 36. Kg3 Rf7 37. Rf1 Rf5 38. Bc1 Kf7 39. Kg4 Ke6 40. Rh1 g6
41. Rh6 Ne7 42. a4 Kf7 43. Rh7+ Ke6 44. Rg7 Rf7 45. Rxf7 Kxf7 46. Ba3 Nf5 47.
Bc5 Ne3+ 48. Kf3 Nd5 49. Ke4 Ke6 50. Ba3 Nc7 51. Bc1 Nd5 52. Bd2 Nb6 53. Bc1
Nd5 54. Kd3 Nb6 55. a5 Nd5 56. Kc4 Nc7 57. Kc5 Kd7 58. Kb6 Kc8 59. b4 Ne6 60.
Be3 Nc7 61. Kc5 Kd7 62. b5 Nxb5 63. d5 Nc7 64. dxc6+ bxc6 65. Bd2 Nd5 66. a6
Kc7 67. Ba5+ Kb8 68. e6 Ka7 69. Kxc6 1-0

[Event "Guernsey Open"]
[Site "Guernsey"]
[Date "2009.10.23"]
[Round "6"]
[White "Norman, Kenneth I"]
[Black "Kamps, Jacques"]
[Result "1/2-1/2"]
[WhiteElo "2182"]
[BlackElo "2033"]
[PlyCount "44"]
[EventDate "2009.10.18"]

1. Nf3 d6 2. d4 g6 3. c4 Bg7 4. Nc3 Bg4 5. e3 c5 6. Be2 cxd4 7. exd4 Nh6 8. h3
Bxf3 9. Bxf3 Nc6 10. d5 Ne5 11. Be2 Nf5 12. O-O O-O 13. Bd2 Rc8 14. b3 a6 15.
Rc1 Qb6 16. Na4 Qd4 17. Bc3 Qa7 18. Ba5 b5 19. Bb6 Qd7 20. Nb2 Qb7 21. Ba5 Nd4
22. Bc3 Nxe2+ 1/2-1/2

[Event "Guernsey Open"]
[Site "Guernsey"]
[Date "2009.10.23"]
[Round "6"]
[White "Ippel, Cornelius J"]
[Black "Wessels, Cornelis"]
[Result "1-0"]
[WhiteElo "2073"]
[BlackElo "1993"]
[PlyCount "49"]
[EventDate "2009.10.18"]

1. e4 e5 2. Bc4 Nc6 3. a3 Nf6 4. d3 Bc5 5. Nf3 d6 6. Bg5 h6 7. Bh4 g5 8. Bg3
Qe7 9. b4 Bb6 10. Bb5 Bd7 11. Bxc6 Bxc6 12. a4 a6 13. O-O h5 14. h4 g4 15. Nfd2
Nh7 16. Nc4 Ba7 17. Ne3 Nf8 18. c4 Ng6 19. Nf5 Qf6 20. Nc3 Bd4 21. Nxd4 exd4
22. Nd5 Bxd5 23. exd5 Nxh4 24. f3 gxf3 25. Qe1+ 1-0

[Event "Guernsey Open"]
[Site "Guernsey"]
[Date "2009.10.23"]
[Round "6"]
[White "Thurlow, Kevin J"]
[Black "Campbell, Eoin"]
[Result "1/2-1/2"]
[WhiteElo "2070"]
[BlackElo "1910"]
[PlyCount "63"]
[EventDate "2009.10.18"]

1. c4 g6 2. Nc3 Bg7 3. d4 Nf6 4. g3 O-O 5. Bg2 d6 6. e3 e5 7. Nge2 Qe7 8. O-O
c6 9. b3 Nbd7 10. Bb2 Re8 11. a4 a5 12. Ra2 e4 13. Bc1 h5 14. f3 exf3 15. Bxf3
d5 16. cxd5 cxd5 17. Nf4 Nb6 18. Ncxd5 Nfxd5 19. Bxd5 Nxd5 20. Nxd5 Qd8 21. Nf4
Bg4 22. Qd3 Bf5 23. Qb5 Rc8 24. Bd2 Bxd4 25. exd4 Qxd4+ 26. Rf2 Rc1+ 27. Bxc1
Re1+ 28. Kg2 Be4+ 29. Kh3 Bf5+ 30. Kg2 Be4+ 31. Kh3 Bf5+ 32. Kg2 1/2-1/2

[Event "Guernsey Open"]
[Site "Guernsey"]
[Date "2009.10.23"]
[Round "6"]
[White "Van Ingen, Ton"]
[Black "Lenier, Jude"]
[Result "0-1"]
[WhiteElo "2068"]
[BlackElo "1828"]
[PlyCount "82"]
[EventDate "2009.10.18"]

1. d4 Nf6 2. Nf3 e6 3. c4 c5 4. d5 exd5 5. cxd5 d6 6. Nc3 g6 7. e4 Bg7 8. Be2
O-O 9. Bf4 a6 10. a4 Re8 11. Nd2 Bf8 12. O-O Nbd7 13. Bg3 Rb8 14. Qc2 Qc7 15.
f4 Bg7 16. Kh1 Nh5 17. Bxh5 gxh5 18. Rae1 b5 19. axb5 axb5 20. b3 Ba6 21. Rf3
c4 22. b4 Ra8 23. Nf1 Nb6 24. f5 Qe7 25. Qf2 Nd7 26. Bh4 f6 27. Bg3 Ne5 28.
Bxe5 dxe5 29. Rb1 Reb8 30. Qh4 Bc8 31. Ng3 Ra3 32. Nxh5 Rb3 33. Rxb3 cxb3 34.
Rg3 Ra8 35. h3 b2 36. Nxf6+ Kf8 37. Qxh7 Qxf6 38. Rg6 Qf7 39. Rc6 Bb7 40. Rd6
Rc8 41. Nb1 Qc7 0-1

[Event "Guernsey Open"]
[Site "Guernsey"]
[Date "2009.10.23"]
[Round "6"]
[White "Staneland, Peter"]
[Black "Purdon, Colin"]
[Result "0-1"]
[WhiteElo "1705"]
[BlackElo "2102"]
[PlyCount "60"]
[EventDate "2009.10.18"]

1. Nf3 Nf6 2. d4 d5 3. c4 c6 4. cxd5 cxd5 5. Nc3 Nc6 6. Bf4 e6 7. e3 Nh5 8. Bg5
Qb6 9. Qd2 Bd7 10. Be2 h6 11. Bh4 Rc8 12. Ne5 Nxe5 13. dxe5 g5 14. Bxh5 gxh4
15. O-O Bb4 16. Rfd1 Bxc3 17. bxc3 Qc7 18. Qd4 Qxc3 19. Qf4 Rf8 20. e4 Rc4 21.
f3 h3 22. Qg3 Qe3+ 23. Kh1 hxg2+ 24. Qxg2 Qg5 25. Qxg5 hxg5 26. exd5 exd5 27.
Rxd5 Bc6 28. Rd3 Rh8 29. Bg4 Rxg4 30. Rad1 Rgh4 0-1

[Event "Guernsey Open"]
[Site "Guernsey"]
[Date "2009.10.23"]
[Round "6"]
[White "Carlucci, Paul"]
[Black "De Kruif, Kees"]
[Result "1/2-1/2"]
[WhiteElo "1970"]
[BlackElo "2053"]
[PlyCount "37"]
[EventDate "2009.10.18"]

1. d4 b5 2. Nf3 Bb7 3. e3 a6 4. Be2 Nf6 5. O-O e6 6. b3 Be7 7. Bb2 O-O 8. Nbd2
d6 9. c4 b4 10. Qc2 h6 11. Bd3 c5 12. Ne4 Nbd7 13. Rfe1 Qc7 14. Nfd2 Rac8 15.
Rac1 Nxe4 16. Bxe4 Nf6 17. Bxb7 Qxb7 18. dxc5 dxc5 19. e4 1/2-1/2

[Event "Guernsey Open"]
[Site "Guernsey"]
[Date "2009.10.23"]
[Round "6"]
[White "Maruejols, Claude"]
[Black "Guttridge, David"]
[Result "1-0"]
[WhiteElo "2052"]
[BlackElo "1965"]
[PlyCount "45"]
[EventDate "2009.10.18"]

1. d4 e6 2. c4 d5 3. Nc3 c6 4. e4 dxe4 5. Nxe4 Nf6 6. Nxf6+ Qxf6 7. Nf3 Bb4+ 8.
Bd2 Bxd2+ 9. Qxd2 Nd7 10. O-O-O O-O 11. Qe3 b6 12. Bd3 Bb7 13. Ng5 h6 14. Nh7
Qe7 15. Nxf8 Nxf8 16. Rhe1 Rd8 17. Kb1 Qc7 18. Qe5 Qxe5 19. dxe5 Rd7 20. Be4 c5
21. Rxd7 Bxe4+ 22. Rxe4 Nxd7 23. f4 1-0

[Event "Guernsey Open"]
[Site "Guernsey"]
[Date "2009.10.23"]
[Round "6"]
[White "Wood, Peter C"]
[Black "Burton, Ronnie"]
[Result "1-0"]
[WhiteElo "1914"]
[BlackElo "2036"]
[PlyCount "111"]
[EventDate "2009.10.18"]

1. d4 g6 2. c4 Bg7 3. Nf3 d6 4. g3 Nf6 5. Nc3 O-O 6. Bg2 Nbd7 7. O-O e5 8. dxe5
dxe5 9. Qc2 c6 10. Rd1 Qc7 11. Ng5 Nc5 12. Nge4 Ncxe4 13. Nxe4 Nxe4 14. Bxe4
Be6 15. Bg5 f6 16. Be3 Rfd8 17. b3 f5 18. Bg2 f4 19. Bc5 Bf5 20. Be4 Bxe4 21.
Qxe4 b6 22. Ba3 fxg3 23. hxg3 Rd4 24. Qc2 e4 25. Bb2 Rxd1+ 26. Rxd1 e3 27. Bxg7
exf2+ 28. Kxf2 Qxg7 29. Qe4 Rf8+ 30. Kg2 Qf6 31. Qe3 c5 32. Qf3 Qb2 33. Qd5+
Kh8 34. Rd2 Qf6 35. Qf3 Qe7 36. Rd7 Qf6 37. Qxf6+ Rxf6 38. Rxa7 h5 39. e4 Kg8
40. Rb7 Kf8 41. e5 Re6 42. Kf3 Rxe5 43. Rxb6 Rf5+ 44. Kg2 Kf7 45. Rd6 Re5 46.
Kf3 Rf5+ 47. Kg2 Re5 48. a4 Re2+ 49. Kf3 Rc2 50. Rb6 g5 51. a5 Rc3+ 52. Ke4
Rxg3 53. a6 Rg1 54. Kf5 g4 55. Rb7+ Ke8 56. a7 1-0

[Event "Guernsey Open"]
[Site "Guernsey"]
[Date "2009.10.23"]
[Round "6"]
[White "Bakker, Joop"]
[Black "Dennis, Nigel W"]
[Result "1-0"]
[WhiteElo "1996"]
[BlackElo "1957"]
[PlyCount "71"]
[EventDate "2009.10.18"]

1. d4 Nf6 2. Nc3 g6 3. e4 d6 4. Be2 Bg7 5. h4 h5 6. Nh3 Bxh3 7. Rxh3 Nbd7 8.
Bg5 c6 9. Qd2 b5 10. d5 b4 11. dxc6 Nc5 12. Bxf6 bxc3 13. Bxc3 Nxe4 14. c7 Qxc7
15. Qd5 Nxc3 16. Qxa8+ Kd7 17. Qf3 Nxe2 18. Qxe2 Qa5+ 19. c3 Rc8 20. Kf1 Rb8
21. a3 Qb6 22. Rb1 Rc8 23. Re3 e6 24. Qf3 Ke7 25. Kg1 Rc5 26. Ree1 Bh6 27. Re4
a5 28. Qd3 Rf5 29. Qd4 Qb7 30. b4 Bg7 31. Qd3 Bxc3 32. bxa5 Qc6 33. Rc4 Rc5 34.
Rxc5 Qxc5 35. Rc1 Qd4 36. Qxc3 1-0

[Event "Guernsey Open"]
[Site "Guernsey"]
[Date "2009.10.23"]
[Round "6"]
[White "Hickman, John"]
[Black "Brookfield, Toby"]
[Result "1-0"]
[WhiteElo "2006"]
[BlackElo "1779"]
[PlyCount "61"]
[EventDate "2009.10.18"]

1. e4 c5 2. Nf3 d6 3. g3 g6 4. Bg2 Bg7 5. O-O Nf6 6. Re1 O-O 7. c3 Nc6 8. d4
Bg4 9. h3 Bxf3 10. Bxf3 cxd4 11. cxd4 Qc7 12. Nc3 a6 13. Be3 Rac8 14. Rc1 Qb8
15. Bg2 e6 16. Qd2 b5 17. b3 Nh5 18. d5 Ne7 19. g4 b4 20. Ne2 Nf6 21. dxe6 fxe6
22. Nd4 Bh8 23. Nxe6 Rxc1 24. Rxc1 Rc8 25. Rxc8+ Nxc8 26. e5 Nd7 27. exd6 Qxd6
28. Qxd6 Nxd6 29. Nc5 Ne5 30. Nxa6 Nd3 31. Bf1 1-0

[Event "Guernsey Open"]
[Site "Guernsey"]
[Date "2009.10.23"]
[Round "6"]
[White "Rowe, Peter"]
[Black "Fassaert, Desire"]
[Result "1-0"]
[WhiteElo "2039"]
[BlackElo "1948"]
[PlyCount "125"]
[EventDate "2009.10.18"]

1. d4 Nf6 2. Nf3 e6 3. Bf4 c5 4. e3 b6 5. c3 Bb7 6. Nbd2 cxd4 7. exd4 Be7 8.
Bd3 O-O 9. O-O Ba6 10. Bxa6 Nxa6 11. Ne5 Nc7 12. c4 Nce8 13. Rc1 Nd6 14. Qe2
Nf5 15. Ndf3 d6 16. Nc6 Qd7 17. Nxe7+ Nxe7 18. Rfd1 h6 19. Ne5 Qb7 20. Ng4 Ne8
21. h4 Ng6 22. Bg3 Rd8 23. h5 Ne7 24. Bh4 Rc8 25. Bxe7 Qxe7 26. Rc3 Nf6 27.
Nxf6+ Qxf6 28. Rf3 Qe7 29. Rg3 Kh8 30. b3 a6 31. Re1 Rg8 32. a4 Qf6 33. Qd3 Rc7
34. Qe3 Qd8 35. d5 exd5 36. cxd5 Rc5 37. Qe4 a5 38. Rd3 Qg5 39. Qf3 Rc1 40.
Rxc1 Qxc1+ 41. Rd1 Qc7 42. Rd4 Re8 43. Rc4 Qe7 44. g3 Kg8 45. Rc6 Rb8 46. Qf4
Qe5 47. Rxd6 Qxf4 48. gxf4 Rb7 49. Kg2 Kf8 50. Kf3 Ke7 51. Rc6 Kd7 52. Ke4 b5
53. axb5 Rxb5 54. Ra6 Rxb3 55. Rxa5 Rh3 56. Ra7+ Ke8 57. Ke5 Rxh5+ 58. Kd6 f6
59. Ke6 Kd8 60. d6 Kc8 61. d7+ Kb8 62. Ra4 Kc7 63. Rc4+ 1-0

[Event "Guernsey Open"]
[Site "Guernsey"]
[Date "2009.10.23"]
[Round "6"]
[White "Reutimann, Hans Peter"]
[Black "Murray, Steve"]
[Result "1/2-1/2"]
[WhiteElo "1812"]
[BlackElo "1964"]
[PlyCount "65"]
[EventDate "2009.10.18"]

1. d4 Nf6 2. Nf3 e6 3. Bf4 c5 4. e3 b6 5. Nbd2 Bb7 6. c3 Be7 7. Bd3 d6 8. h3
Nbd7 9. Qe2 O-O 10. O-O cxd4 11. exd4 Nd5 12. Bg3 Rc8 13. Rfe1 N7f6 14. a3 Nc7
15. Nc4 Ncd5 16. Qd2 Re8 17. Ne3 Nxe3 18. fxe3 Ne4 19. Bxe4 Bxe4 20. Rf1 h6 21.
Qf2 Rf8 22. Rad1 Qc7 23. Qe2 Qb7 24. Nd2 Bg6 25. Rf2 f5 26. Rdf1 Qc6 27. Re1
Rf7 28. e4 fxe4 29. Rxf7 Kxf7 30. Nxe4 Qxe4 31. Qxe4 Bxe4 32. Rxe4 Rf8 33. Rf4+
1/2-1/2

[Event "Guernsey Open"]
[Site "Guernsey"]
[Date "2009.10.23"]
[Round "6"]
[White "Luijendijk, Pieter"]
[Black "Goris Schouwstra, Adry"]
[Result "1-0"]
[WhiteElo "1720"]
[BlackElo "1952"]
[PlyCount "123"]
[EventDate "2009.10.18"]

1. e4 e6 2. d4 d5 3. exd5 exd5 4. Bf4 Ne7 5. Bd3 Bf5 6. Nf3 Bxd3 7. Qxd3 c6 8.
O-O Ng6 9. Re1+ Be7 10. Bg3 O-O 11. Nbd2 Nd7 12. Re2 Nf6 13. Ne5 Nxe5 14. Bxe5
Nd7 15. Rae1 Nxe5 16. Rxe5 Bd6 17. Rh5 g6 18. Rh3 Qf6 19. Rf3 Qg7 20. Rfe3 Rad8
21. Nf3 c5 22. c3 c4 23. Qe2 Qh6 24. Ne5 f5 25. Rh3 Qg7 26. f4 Rde8 27. Qf3
Bxe5 28. Qxd5+ Qf7 29. Qxf7+ Rxf7 30. Rxe5 Rc8 31. Rhe3 Rcc7 32. Kf2 b6 33. Ke2
Rcd7 34. Kd2 Kg7 35. b3 cxb3 36. axb3 Rc7 37. c4 Rfd7 38. Kc3 Kf7 39. b4 Kf6
40. d5 Kf7 41. Kd4 Rb7 42. h4 Rbc7 43. h5 Rb7 44. hxg6+ hxg6 45. Re6 Rb8 46.
Rg3 Rg8 47. Ke5 Rc7 48. Rf6+ Ke8 49. Kd4 Re7 50. Re6 Rxe6 51. dxe6 Ke7 52. Ke5
a5 53. Ra3 Rc8 54. Rd3 Rxc4 55. Rd7+ Ke8 56. bxa5 bxa5 57. Ra7 a4 58. Kf6 Rc8
59. Rxa4 Rb8 60. Ra7 Rc8 61. Kxg6 Rb8 62. Kxf5 1-0

[Event "Guernsey Open"]
[Site "Guernsey"]
[Date "2009.10.23"]
[Round "6"]
[White "Muller, Anton"]
[Black "Cummins, John"]
[Result "1-0"]
[WhiteElo "1951"]
[BlackElo "1898"]
[PlyCount "69"]
[EventDate "2009.10.18"]

1. e4 e5 2. Nf3 Nc6 3. Nc3 d6 4. d4 Bg4 5. Bb5 a6 6. Bxc6+ bxc6 7. dxe5 Bxf3 8.
Qxf3 dxe5 9. O-O Nf6 10. Rd1 Bd6 11. Be3 O-O 12. Na4 Qe7 13. c4 c5 14. Nc3 c6
15. Rd2 Rfd8 16. Rad1 Bc7 17. Na4 Rxd2 18. Rxd2 Nd7 19. Qd1 Rd8 20. Nxc5 Nxc5
21. Rxd8+ Bxd8 22. Bxc5 Qxc5 23. Qxd8+ Qf8 24. Qc7 Qe8 25. g3 f6 26. Qb7 a5 27.
Qa6 Qd7 28. b3 Qc7 29. c5 Kf7 30. Qb6 Qd7 31. Qxa5 Qd1+ 32. Kg2 Qc2 33. Qc7+
Kg6 34. Qxc6 Kg5 35. a4 1-0

[Event "Guernsey Open"]
[Site "Guernsey"]
[Date "2009.10.23"]
[Round "6"]
[White "Bridel, Jon"]
[Black "Brooker, Chris H"]
[Result "0-1"]
[WhiteElo "1647"]
[BlackElo "1866"]
[PlyCount "100"]
[EventDate "2009.10.18"]

1. b3 Nf6 2. Bb2 e6 3. e3 b6 4. Nf3 Bb7 5. c4 Be7 6. g3 d6 7. Bg2 Nbd7 8. O-O
c5 9. Nc3 O-O 10. d4 e5 11. dxe5 dxe5 12. Nb5 Qb8 13. Qc2 a6 14. Nc3 Qc7 15.
Rfd1 Rad8 16. Rd2 Nb8 17. Rad1 Rxd2 18. Rxd2 Rd8 19. Rxd8+ Bxd8 20. Ne2 Nfd7
21. Nd2 Bxg2 22. Kxg2 Qc6+ 23. Qe4 f5 24. Qxc6 Nxc6 25. e4 g6 26. h3 Nd4 27.
Nc3 Nf6 28. f3 Kf7 29. Nf1 f4 30. g4 g5 31. Kf2 Ke6 32. Nd2 Ng8 33. Ndb1 Ne7
34. Ba3 Nc2 35. Ke2 Nc6 36. Kd1 N6d4 37. Nd2 Nxa3 38. Kc1 Nac2 39. Kd1 Ne3+ 40.
Ke1 b5 41. cxb5 axb5 42. a4 Ba5 43. Ncb1 Nxb3 44. axb5 Nc4 45. b6 Nxb6 46. Ke2
Nxd2 47. Nxd2 Bxd2 48. Kxd2 Kd6 49. Kc3 Kc6 50. Kb3 Kb5 0-1

[Event "Guernsey Open"]
[Site "Guernsey"]
[Date "2009.10.23"]
[Round "6"]
[White "De Kleijnen, Henk J"]
[Black "Henbest, Kevin"]
[Result "0-1"]
[WhiteElo "1944"]
[BlackElo "1746"]
[PlyCount "72"]
[EventDate "2009.10.18"]

1. d4 Nf6 2. Nf3 g6 3. c4 Bg7 4. Nc3 O-O 5. e4 d6 6. Be2 e5 7. O-O Nc6 8. d5
Ne7 9. Ne1 Nd7 10. Be3 f5 11. f3 f4 12. Bf2 g5 13. h3 Rf6 14. Nd3 Rh6 15. Re1
Nf6 16. Bf1 Ng6 17. c5 Nh8 18. cxd6 cxd6 19. Qb3 Nf7 20. Rec1 g4 21. hxg4 Bxg4
22. fxg4 Nxg4 23. Nb5 Qg5 24. Nb4 Rh1+ 25. Kxh1 Qh5+ 26. Qh3 Nxf2+ 27. Kg1
Nxh3+ 28. gxh3 Ng5 29. Nxd6 Nxh3+ 30. Bxh3 Qxh3 31. Nf5 Rf8 32. Rc2 Rf6 33. Rg2
Rg6 34. Ne7+ Kf7 35. Nxg6 hxg6 36. Rc1 Qe3+ 0-1

[Event "Guernsey Open"]
[Site "Guernsey"]
[Date "2009.10.24"]
[Round "7"]
[White "Hillarp Persson, Tiger"]
[Black "Franklin, Samuel"]
[Result "1/2-1/2"]
[WhiteElo "2577"]
[BlackElo "2131"]
[PlyCount "27"]
[EventDate "2009.10.18"]

1. d4 Nf6 2. c4 g6 3. Nc3 Bg7 4. Nf3 O-O 5. Bg5 c5 6. e3 cxd4 7. exd4 d5 8.
Bxf6 Bxf6 9. cxd5 Bg4 10. Bc4 Nd7 11. Bb3 Nb6 12. h3 Bxf3 13. Qxf3 Bxd4 14. Rd1
1/2-1/2

[Event "Guernsey Open"]
[Site "Guernsey"]
[Date "2009.10.24"]
[Round "7"]
[White "Kurajica, Bojan"]
[Black "Korneev, Oleg"]
[Result "1/2-1/2"]
[WhiteElo "2517"]
[BlackElo "2554"]
[PlyCount "24"]
[EventDate "2009.10.18"]

1. d4 d5 2. c4 c6 3. cxd5 cxd5 4. Nc3 Nf6 5. Nf3 Nc6 6. Bf4 a6 7. e3 Bg4 8. Be2
e6 9. Ne5 Bxe2 10. Qxe2 Rc8 11. O-O Be7 12. Rac1 O-O 1/2-1/2

[Event "Guernsey Open"]
[Site "Guernsey"]
[Date "2009.10.24"]
[Round "7"]
[White "Havenaar, Jan"]
[Black "Van Dijk, Bram"]
[Result "1-0"]
[WhiteElo "2176"]
[BlackElo "2173"]
[PlyCount "81"]
[EventDate "2009.10.18"]

1. Nc3 a6 2. g3 d5 3. e4 e6 4. Bg2 Nf6 5. f4 b5 6. e5 Nfd7 7. Nf3 Nb6 8. O-O
Bb7 9. d4 c5 10. Ne2 Nc6 11. c3 h5 12. Qe1 Qd7 13. Qf2 c4 14. f5 Nd8 15. Nh4
exf5 16. Nxf5 Ne6 17. Ne3 g6 18. Bh3 Bh6 19. Nf4 Bxf4 20. gxf4 O-O-O 21. Qh4
Rdg8 22. Kh1 Qd8 23. Qxd8+ Kxd8 24. f5 gxf5 25. Nxf5 Nc8 26. Nh6 Rxh6 27. Bxh6
Ke7 28. Rf5 Bc6 29. Rg1 Rxg1+ 30. Kxg1 Nb6 31. Bd2 b4 32. Rxh5 Na4 33. Bxe6
Kxe6 34. Rh6+ Kd7 35. Rd6+ Kc7 36. Rf6 Nxb2 37. Rxf7+ Kb6 38. cxb4 Kb5 39. h4
Be8 40. e6 c3 41. Bxc3 1-0

[Event "Guernsey Open"]
[Site "Guernsey"]
[Date "2009.10.24"]
[Round "7"]
[White "Bellin, Robert"]
[Black "Schroer, Marcel"]
[Result "1-0"]
[WhiteElo "2388"]
[BlackElo "2127"]
[PlyCount "107"]
[EventDate "2009.10.18"]

1. d4 Nf6 2. Nf3 g6 3. Nbd2 d5 4. e3 Bg7 5. Be2 O-O 6. O-O c5 7. c3 Nfd7 8. Qb3
cxd4 9. exd4 Nb6 10. a4 a5 11. Re1 Nc6 12. Nf1 Bg4 13. Bf4 e6 14. N1d2 Ra7 15.
h3 Bxf3 16. Nxf3 Nc8 17. Bd3 b6 18. Re2 N8e7 19. Rae1 Rb7 20. Ba6 Ra7 21. Bb5
Qa8 22. Qd1 Rc8 23. Qd2 Qb7 24. g4 Qd7 25. Kg2 Qd8 26. h4 Qf8 27. Rh1 h6 28.
Bd6 Qd8 29. Bg3 Qf8 30. Nh2 Nd8 31. Bd6 f6 32. Nf1 Qf7 33. f3 Kh8 34. Ng3 Nb7
35. Bf4 Ng8 36. Rhe1 Nd8 37. Bd6 Bf8 38. Bf4 Bg7 39. Bd3 Bf8 40. Qc2 Kg7 41.
Qb3 Qb7 42. Bb1 Rc6 43. Qc2 Qf7 44. h5 Ne7 45. Rh1 f5 46. hxg6 Nxg6 47. Bxh6+
Kg8 48. Bd2 Bd6 49. Nh5 Qe7 50. Kf1 Nh4 51. g5 Ng6 52. f4 Nxf4 53. Qc1 Qc7 54.
Rxe6 1-0

[Event "Guernsey Open"]
[Site "Guernsey"]
[Date "2009.10.24"]
[Round "7"]
[White "Goris, Ton"]
[Black "Baumert, Christian"]
[Result "0-1"]
[WhiteElo "2060"]
[BlackElo "2142"]
[PlyCount "162"]
[EventDate "2009.10.18"]

1. e4 c6 2. d4 d5 3. e5 Bf5 4. Nc3 e6 5. g4 Bg6 6. Nge2 f6 7. h4 Nd7 8. h5 Bf7
9. f4 Qb6 10. Na4 Qa5+ 11. c3 c5 12. dxc5 Nxc5 13. Nxc5 Qxc5 14. Nd4 O-O-O 15.
Be3 Qb6 16. Qd2 a6 17. b4 Qc7 18. b5 a5 19. b6 Qxb6 20. Nb5 Bc5 21. Nd6+ Rxd6
22. Bxc5 Qxc5 23. exd6 Qxd6 24. c4 Ne7 25. cxd5 Nxd5 26. Qxa5 Qxf4 27. Qc5+ Qc7
28. Rc1 Qxc5 29. Rxc5+ Kd7 30. Rh2 Ra8 31. Rhc2 Kd6 32. Rc8 Ra4 33. Bc4 Ne3 34.
Rd2+ Ke5 35. Rd7 Bxh5 36. gxh5 Nxc4 37. Rxg7 Ne3 38. Rxh7 Rxa2 39. Rxb7 Kf4 40.
Rcb8 Rh2 41. Rb2 Rh1+ 42. Ke2 Nd5 43. Kd3 Rxh5 44. Rf2+ Ke5 45. Re2+ Kd6 46.
Rf2 Rh3+ 47. Kd2 Ra3 48. Rd8+ Ke5 49. Re2+ Kf5 50. Ke1 Nf4 51. Rc2 e5 52. Rf8
Ra6 53. Rfc8 Ra1+ 54. Kf2 Rh1 55. R8c7 Nd3+ 56. Kg2 Rh6 57. R2c3 e4 58. Kg3
Rg6+ 59. Kh2 Kf4 60. Rh7 Ke3 61. Ra3 f5 62. Rh3+ Kd2 63. Ra2+ Kc3 64. Ra3+ Kc2
65. Ra2+ Kb3 66. Ra8 f4 67. Rf8 Kc2 68. Rc8+ Kd2 69. Ra8 f3 70. Rg3 Rh6+ 71.
Kg1 Rc6 72. Ra2+ Ke3 73. Ra1 Kf4 74. Rg8 Rc2 75. Rf8+ Ke3 76. Ra3 Rc1+ 77. Kh2
f2 78. Kg2 Rg1+ 79. Kh2 f1=Q 80. Rf3+ Kxf3 81. Rxd3+ Qxd3 0-1

[Event "Guernsey Open"]
[Site "Guernsey"]
[Date "2009.10.24"]
[Round "7"]
[White "Heppell, Ian N"]
[Black "Minnican, Alan William"]
[Result "1/2-1/2"]
[WhiteElo "2135"]
[BlackElo "2105"]
[PlyCount "96"]
[EventDate "2009.10.18"]

1. e4 e5 2. Nf3 Nc6 3. Nc3 Nf6 4. d4 exd4 5. Nd5 Be7 6. Bf4 d6 7. Nxd4 Nxd5 8.
exd5 Nxd4 9. Qxd4 O-O 10. O-O-O Bf5 11. Bd3 Bf6 12. Qe3 Qd7 13. Kb1 Rfe8 14.
Qd2 Bxd3 15. Qxd3 Qg4 16. g3 {(=)} Re7 17. f3 Qd7 18. Rde1 Rae8 19. Bd2 h6 20.
Kc1 Qh3 21. Qb5 Rxe1+ 22. Rxe1 Rxe1+ 23. Bxe1 Qg2 24. Qe8+ Kh7 25. Qe4+ g6 26.
h4 Be5 27. h5 Qg1 28. hxg6+ fxg6 29. f4 Qd4 30. Qxd4 Bxd4 31. c3 {(=)} Be3+ 32.
Kd1 Kg7 33. Ke2 Bc1 34. b3 Kf6 35. Kf3 g5 36. Ke4 c6 37. dxc6 bxc6 38. Bf2 a6
39. Bd4+ Kf7 40. c4 gxf4 41. gxf4 Kg6 42. c5 Ba3 43. f5+ Kf7 44. cxd6 Bxd6 45.
Be3 h5 46. Bf2 Kf6 47. Bh4+ Kf7 48. Bf2 Kf6 1/2-1/2